ALL sb contestants season 1-47 - Statistics

General Stats
  • This quiz has been taken 3 times
  • The average score is 192 of 482
Answer Stats
Hint Answer % Correct
16th 8:30 - Bitches Callin
100%
14th 8:30 Bitches Calllin but he is pixelated (caused by taff) and he is wearing an partially invisible tophat and partially invisible bowtie and rides a sickass motorcycle he stole from his uncle "The Plan" and now he is wanted for grand theft in 37 different countries, including 3 micronations, and he also has a pet fox he found while taking a stroll in the park
100%
3rd baby running at 32mph
100%
5th | 8th bald
100%
16th bit crushed dr perky
100%
15th blank
100%
1st blunt gotender
100%
5th chees
100%
4th cheese grater deezy
100%
2nd coiny lightbulb
100%
17th | 19th | 1st | +2 others david memorial photo
100%
18th dewey
100%
1st discord link
100%
3rd | 7th eminem
100%
17th erect bar
100%
5th hashtag
100%
1st | 2nd hexagon
100%
10th | 27th | 29th | 5th hungry
100%
28th hungry??
100%
11th | 5th | 6th K
100%
14th | 1st -less
100%
2nd macrowave
100%
11th macrowave mark 2
100%
2nd markiplier
100%
2nd | 4th microwave
100%
6th period
100%
17th | 25th | 3rd | +2 others polandball
100%
1st | 7th rainbow ball trio
100%
6th T
100%
9th the money man
100%
19th thirsty
100%
10th up arrow
100%
5th water troll
100%
8th 🦧
67%
1st 12
67%
2nd | 4th | 6th 21 kid
67%
5th 21 kid jr
67%
3rd a goblin
67%
2nd alien hands
67%
5th annoying orange costume
67%
6th bahrain grand prixy
67%
2nd | 3rd bar
67%
6th bfdi mouthy
67%
10th | 1st carpeted bathroom
67%
3rd carpeted bus stop
67%
6th carpeted busstop
67%
13th | 1st | 6th | 7th carpeted kitchen
67%
1st cocky the cock tween
67%
8th cooking no way
67%
1st cool fish
67%
10th | 3rd cup of blue paint
67%
4th cursed swine
67%
6th cursed woody
67%
8th dinosaur-ey
67%
2nd eminbem
67%
1st eminem again but with a slight blue tint
67%
1st erminem
67%
3rd evil hexagon
67%
4th eyemug
67%
7th faceless
67%
4th family objects episode 3
67%
2nd finger fella
67%
3rd fireafy
67%
3rd fnaf video
67%
5th :freddy:
67%
26th freedom, at last
67%
20th full
67%
2nd @glob
67%
3rd godfather ice cream
67%
4th grrol
67%
2nd gru
67%
2nd grug
67%
8th half a circle
67%
1st holly
67%
4th homophobic danny DeVito
67%
15th | 23rd | 6th horse
67%
6th joseph sneed
67%
20th JPG of murkrow
67%
2nd kitty (:
67%
5th kitty
67%
2nd mangosteen
67%
13th mcrib
67%
11th me
67%
6th meself
67%
9th moonlight book
67%
11th morshu he/ham
67%
1st Mr. 8
67%
1st mr 8
67%
5th Ms. Petro
67%
9th my enemy
67%
3rd nerd emoji
67%
4th njam
67%
22nd Number 15 mad scientist duo the last thing you would want in your mad scientists is for them to be conjoined twins but it turns out that might be what you get
67%
4th Ø
67%
5th object jimbusy
67%
4th oh my goodness gracious!
67%
10th pac-man amiibo
67%
1st penis algebralien
67%
3rd peter gender flag
67%
6th pickle rick
67%
2nd | 3rd pineapple yogurt
67%
1st pink evil guy
67%
21st red jr.
67%
13th | 2nd roasty
67%
9th rob
67%
2nd russel root beer
67%
6th rwowser
67%
1st sasuage owen
67%
3rd scrotum battle host
67%
1st season 32
67%
5th sex
67%
19th shadowy
67%
3rd SillyTacoDog winning S13
67%
8th skibidi rizz spider
67%
7th slime ball
67%
6th slungus
67%
8th snobert
67%
1st stewie and brian
67%
11th Tafffake
67%
10th taffreal
67%
10th the bf during the 2nd final song of ytp invasion v3
67%
1st | 5th the creature
67%
1st the four peters
67%
23rd the guy who does the challenge
67%
8th the licker
67%
12th The Merpwalk Ambassador
67%
7th The object show cast
67%
2nd the spider in the corner of my room
67%
1st the yakuza 4
67%
5th | 6th this
67%
9th this dumb fucking popsicle
67%
6th This emoji
67%
2nd this image of plump dog after killing joe swanson in family objects next to this image of plump dog after killing joe swanson in family object but upside down and smaller
67%
1st tiny piece of bent stair
67%
10th uno no mercy
67%
3rd very loud incorrect buzzer
67%
7th walter white rap battle
67%
3rd watercup =
67%
24th william the walnut
67%
9th windows
67%
7th windows 2
67%
11th x scrabble tile
67%
6th X scrabble tile
67%
4th AAA
33%
23rd abstract art
33%
4th awesome picture of red from angry birds that i made myself
33%
6th baldi saying 3 video
33%
7th Ball you can look through it's called like a seetrohgh ball or something
33%
9th bart lizard
33%
5th bee sam
33%
9th Bee Sam (eough, I can't hold it in)
33%
7th big bird from lobotomy corporation)
33%
7th blank
33%
2nd blob squatley
33%
7th Block party
33%
1st blo ky bfdi
33%
5th bloxorz cuboid
33%
5th blueberry
33%
10th boobs the bat
33%
14th bowtie nick
33%
8th brooke
33%
9th buprocorion
33%
22nd burger
33%
7th buzz patrick
33%
7th caddicarus jumpscare funni
33%
8th carpeted carpet store
33%
2nd carpeted supermarket
33%
1st chad kroeger
33%
32nd chartreuse green
33%
4th | 7th cleveland brown jr.
33%
2nd Cleveland Brown Jr.
33%
19th cobson
33%
9th confused british turtle
33%
2nd corona sun
33%
20th crouton supporter
33%
3rd cummi ng
33%
3rd cursed british isles
33%
2nd cursed chocolate
33%
34th davidian auglur
33%
14th Dead glaggles in one body
33%
5th die
33%
18th dog
33%
1st dr trayaurus
33%
8th drugged dorito
33%
8th ender banana
33%
3rd ethiopia (1993-1996) + camp b.r.e.a.s.t.s (tiny you cant see it)
33%
2nd evil yo mama
33%
5th explosiony
33%
5th filth
33%
14th find my 8 pages
33%
8th FIRE IN THE HOLE
33%
15th first boot streak
33%
7th fish
33%
4th fortune teller
33%
10th Fucker mode activated
33%
2nd gamer
33%
1st George Orwell's Nineteen-Eighty four
33%
1st glep
33%
7th goofy ahh cat
33%
7th grand dad
33%
3rd gravoid
33%
5th grolbert PNG
33%
12th hamburger with cheese
33%
4th hellsa
33%
1st hexagon but they're bad at challenges
33%
18th Hilwodqwockshewer Album
33%
7th IMG_8894.png
33%
8th inverted 8-ball
33%
2nd i sign up as
33%
19th jeremy sexhaver
33%
3rd jewish jimbus from s2
33%
4th @jmoneyrealswag
33%
4th keeps
33%
7th KFC ripoff
33%
8th lantern
33%
6th laser gun
33%
4th lucky block
33%
5th marimo ball
33%
7th me as a goblin
33%
4th Me dying on 31% on clutterfunk
33%
12th microwave mark 2
33%
9th midnight snack
33%
6th moldy tomato
33%
3rd money man
33%
3rd morshu he/him
33%
7th mr poogie mc doodle
33%
16th Mukuba cipolopolo
33%
6th my buddy
33%
15th my signup
33%
5th my signup for season 35
33%
14th nerf dart
33%
2nd NickCheezy
33%
4th nightmare greeny
33%
5th oculus go
33%
9th orange slice
33%
5th paint pallette
33%
1st patrick star licence
33%
10th | 1st | 8th peacock emoji
33%
11th peeboholesongs
33%
11th perfectly sliced egg
33%
3rd peridot with a fucking lightsaber
33%
15th plump
33%
6th purple rock crystal thing
33%
9th random photo of my thumb i found on my camera reel
33%
5th rat porn battle for a vat of chocolate host
33%
11th rectangle
33%
7th revolutionary peashooter 1.10
33%
5th roasty (again)
33%
1st roasty except he misread the elimination message
33%
3rd roblox_mongus5099
33%
2nd Roblox mongus_5099
33%
3rd rotten gomu
33%
9th Sad boy
33%
28th salami
33%
4th scissors walking
33%
2nd SD card
33%
1st season 17
33%
2nd shadow basketball
33%
31st silveredge2006
33%
5th sketcher
33%
1st SNared rum
33%
2nd snobert selfie
33%
1st space jam dvd
33%
5th spatuly
33%
5th squabble
33%
21st starry
33%
5th stock guy
33%
4th story of undertale
33%
6th stuffed flatbread emoji
33%
1st the all five-foot-one black albino choir
33%
4th the evil rectangle that instantly kills mushrooms when they are within a 2 meter radius from him is eliminated
33%
9th the fargield movie
33%
5th the general
33%
2nd the glant peas
33%
8th The Great Gatsby (Chapter I)
33%
2nd the lumpfish
33%
9th the random guy i drew
33%
8th the rizzler
33%
1st The WORST super mario bros player of ALL TIME
33%
6th thinking emoji
33%
4th this audio recording
33%
9th this dumb fucking popsicles shoes
33%
1st | 2nd this wonderful mushroom
33%
3rd toilet paper
33%
21st tosia
33%
10th triggered toe jammer
33%
6th trollge
33%
2nd trollge 2
33%
2nd TS
33%
8th uncarpeted carpet store
33%
1st undertale energy drink
33%
4th unico
33%
3rd usain bolt's wife
33%
20th vaperwave orange
33%
7th Vpn wudahelell💀
33%
4th waffle on the floor
33%
1st Walkin' Full Mix .mp3
33%
4th walter white rap battle mario
33%
3rd walter white with a lot of money
33%
9th war
33%
10th wario cap
33%
4th whatever taff wants me to signup as
33%
1st yujiro hanma
33%
4th zane smith 2024 number card
33%
10th 1175373197026271322
0%
8th abnormally small chair
0%
18th abstract universe
0%
15th achevement 4999
0%
4th acs adventure for the win box
0%
3rd ÆÆÆÆÆ ÆÆÆÆÆ ÆÆÆÆÆ ÆÆÆÆÆ ÆÆÆÆÆ ÆÆÆÆÆ ÆÆÆÆÆ ÆÆÆÆÆ ÆÆÆÆÆ ÆÆÆÆÆ ÆÆÆÆÆ ÆÆÆÆÆ ÆÆÆÆÆ ÆÆÆÆÆ ÆÆÆÆÆ ÆÆÆÆÆ ÆÆÆÆÆ ÆÆÆÆÆ
0%
24th alaskan oysters
0%
6th amish paradise
0%
7th apandah
0%
12th | 5th aye bruh you got phone call
0%
18th baby microwave
0%
18th baldi's education in abduction
0%
3rd baldiwave
0%
4th ballin hard
0%
7th Ballsack villager
0%
16th band
0%
2nd bean tin can
0%
4th bfdi branches speedrun
0%
2nd Bitchass sealing mount ebbott with a big cork
0%
2nd Borsalino
0%
4th brian griffin
0%
22nd buddy
0%
2nd cane's cup
0%
5th captain underpants when lack of pussy
0%
3rd cereal water diggly
0%
6th challemge 7 kill yourself sign from cumming 2
0%
4th challenge 7 kill yourself sign fron cumming
0%
6th chuddy
0%
14th Cropped PNG Of The Ninky Nonk
0%
3rd crunchwilly
0%
6th discord link
0%
2nd D nah me tay
0%
7th doctor octagonpus
0%
7th dragon scale
0%
9th drawing on paper
0%
4th Drem epok island real
0%
5th dr reflex
0%
11th evil invisible body man
0%
8th fidm
0%
5th fizzy lifting drinks
0%
10th frame of the gamblecore video
0%
3rd game person
0%
3rd gamer brian
0%
3rd glorp boy
0%
3rd golf mode guy
0%
3rd gorilla monkey anus face
0%
4th holy crackers
0%
6th hot shit squidward
0%
3rd hottie 1
0%
7th i am going to DNP to help the server
0%
12th | 2nd iced tea
0%
7th I’m yuumi and your war
0%
6th inappropraite attachements to objects
0%
8th invisible body man
0%
5th Jean crack pipe, second son of John crack pipe (inventor of the crack pipe) who's first son, John crack pipe jr, has inherited his father's company, while Jean crack pipe became a school principal and the younger son of John, Jerry crack pipe, ran away from home to escape his family's authority.
0%
7th Jerald mcdonald had a farm
0%
8th John C. Calhoun
0%
20th john quincy adams
0%
6th julien
0%
12th Koopa the Quondecending Glare
0%
19th la familia simpson vs la familia peppa pig
0%
13th leshawna ball
0%
3rd letter A jr
0%
2nd letter A jr. but smaller
0%
12th literally just a toilet
0%
11th LMF says
0%
11th lobotomy catalogue
0%
8th look at him go
0%
8th luigi telling you to kys
0%
21st max design pro mug
0%
2nd meeby
0%
12th @melons
0%
3rd meow.
0%
3rd Me winning the first ever season i even competed
0%
4th michael cheese
0%
1st MK
0%
6th morbius
0%
4th mouse with trackball
0%
6th mr. orb
0%
6th my ACNH Nintendo cartridge
0%
7th my arm getting impaled by spoon
0%
5th My F1 22 custom car in pixel art style
0%
30th my great character
0%
4th my last signup
0%
5th my minecraft dog in my house
0%
27th my season 35 signup
0%
6th mystery orb
0%
15th not apandah
0%
4th opila bird
0%
6th peggle bjorner
0%
6th peppermint
0%
17th @piggypug
0%
33rd porridge hater
0%
13th Rei_1ce
0%
13th revenge token
0%
6th rick grimes
0%
6th scrotum variety hour
0%
21st shaq albert
0%
7th shlumbo juice
0%
5th shrimp fried rice
0%
5th skelledozer
0%
7th slope
0%
5th smart jimmy
0%
4th smoken bender
0%
6th souls
0%
8th Square with an oversized glock
0%
9th steve
0%
11th stupid sexy flanders
0%
4th teardrop eating nickel
0%
10th the character that DNPs
0%
8th the entire fucking milky way
0%
13th the friend who doesnt like ANYTHING
0%
6th the jailor
0%
20th the nut brothers
0%
16th the rat man
0%
7th the rat man 2
0%
5th the roddler
0%
11th the unmatched power of the sun
0%
17th the woker, baby
0%
10th the yakuza 5
0%
7th this dumb fucking popsicle
0%
26th this man
0%
11th this photo of baby snobert that makes your balls explode immediately when you see it
0%
17th this specific picture of yoshiegg
0%
25th this stupid ass photo of snobwr
0%
4th thwomp's wife
0%
3rd tomska
0%
12th trans rights saul
0%
13th troll emoji
0%
6th TTHSA Debut 1 gem
0%
3rd watermelon
0%
16th WEGA
0%
4th when i get my hands on you
0%
No matching quizzes found
Score Distribution
Percent of People with Each Score
Percentile by Number Answered
Your Score History
You have not taken this quiz